000 01452nam a2200325Ia 4500
001 ebr10062996
003 CaPaEBR
006 m u
007 cr cn|||||||||
008 851008s1985 dcu sb 001 0 eng d
010 _z 85025856
020 _z0309035953 (pbk.)
040 _aCaPaEBR
_cCaPaEBR
035 _a(OCoLC)427404816
050 1 4 _aHD6273
_b.Y6548 1985eb
245 0 0 _aYouth employment and training programs
_h[electronic resource] :
_bthe YEDPA years /
_cCharles L. Betsey, Robinson G. Hollister, Jr., and Mary R. Papageorgiou, editors ; Committee on Youth Employment Programs, Commission on Behavioral and Social Sciences and Education, National Research Council.
260 _aWashington, D.C. :
_bNational Academy Press,
_c1985.
300 _axi, 495 p.
504 _aIncludes bibliographies and index.
533 _aElectronic reproduction.
_bPalo Alto, Calif. :
_cebrary,
_d2009.
_nAvailable via World Wide Web.
_nAccess may be limited to ebrary affiliated libraries.
650 0 _aYEDPA programs.
650 0 _aYouth
_xEmployment
_zUnited States.
650 0 _aOccupational training
_zUnited States.
655 7 _aElectronic books.
_2local
700 1 _aBetsey, Charles L.
700 1 _aHollister, Robinson G.
700 1 _aPapageorgiou, Mary R.
710 2 _aebrary, Inc.
856 4 0 _uhttp://site.ebrary.com/lib/rucke/Doc?id=10062996
_zAn electronic book accessible through the World Wide Web; click to view
999 _c47596
_d47596